000 00539nam a2200181Ii 4500
003 JO-AjNU
008 230606s9999||||xx |||||||||||||| ||und||
040 _aJO-AjNU
_beng
_erda
_cJO-AjNU
041 _aeng
050 1 4 _aQA377.H27
100 3 _aHabermanm, Richard,
_eauthor
_93731
245 0 0 _aElementary Applied Partial Differential Equations
300 _a713p
336 _atext
_btxt
_2rdacontent
337 _aunmediated
_bn
_2rdamedia
338 _avolume
_bnc
_2rdacarrier
650 4 _a Differential equations, Partial. 
_93732
999 _aE1948
_c1948
_d1948